El capital

Wedi'i Gadw mewn:
Manylion Llyfryddiaeth
Prif Awduron: Marx, Karl Heinrich (autor), Engels, Friedrich, 1820-1895 (Awdur)
Fformat: Llyfr
Iaith:Sbaeneg
Cyhoeddwyd: Santiago Roble 1960
Cyfres:Colección Brotes Literarios
Pynciau:
Tagiau: Ychwanegu Tag
Dim Tagiau, Byddwch y cyntaf i dagio'r cofnod hwn!

MARC

LEADER 00000nam a2200000 a 4500
001 UCL0775
003 CL-VaPUC
005 20241212092116.0
008 030818e19600000CL |||||||||||||||||spa|d
999 |c 304554  |d 304552 
040 |c Pontificia Universidad Católica de Valparaíso 
082 0 4 |a 332.041  |b MAR  |2 21 
100 |a Marx, Karl Heinrich  |e autor  |9 863668 
245 1 3 |a El capital 
260 |a Santiago  |b Roble  |c 1960 
300 |a 276 p 
490 0 |a Colección Brotes Literarios 
583 |a last modification  |c 20030818 00:00:00  |k Rodrigo Vera 
650 7 |a SISTEMAS ECONOMICOS  |2 CL-VaPUC  |9 477525 
650 0 |a Capitalismo  |9 255255 
650 0 |a Trabajo y empleo  |9 315054 
650 0 |a Oferta y demanda  |9 255571 
700 |a Engels, Friedrich,  |d 1820-1895  |e author  |9 337012 
942 |c BK  |2 ddc 
945 |d 20030818 00:00:00  |a cmena